Normal view
MARC view
Entry Topical Term
001 - CONTROL NUMBER
- control field: 10341
003 - CONTROL NUMBER IDENTIFIER
- control field: BD-RjUL
005 - DATE AND TIME OF LATEST TRANSACTION
- control field: 20231204165712.0
008 - FIXED-LENGTH DATA ELEMENTS
- fixed length control field: 231204|| aca||aabn | a|a d
040 ## - CATALOGING SOURCE
- Original cataloging agency: BD-RjUL
- Transcribing agency: BD-RjUL
150 ## - HEADING--TOPICAL TERM
- Topical term or geographic name entry element: Field and plantation crops
- Geographic subdivision: Bangladesh
670 ## - SOURCE DATA FOUND
- Source citation: Work cat.: (BD-RjUL)82401: Rahim, Md. Abdur 10339, Impact of sugar industrial effluents on soil, water and human life in and around joypurhat sugar mills /, 2018